000 00360nam a22001457a 4500
008 250519b |||||||| |||| 00| 0 eng d
020 _a9781781857144
050 _aPR6101.T54
_b.A85
100 _aAtkins Dani
245 _aThe Story Of Us
260 _aLondon
_bHead Of Zeus
_c2021
300 _a391p. 19.5cm:
650 _aRomance
_vLore Stories
942 _cBK
999 _c3556
_d3556